Felicity Jones Filmography - Statistics

General Stats
  • This quiz has been taken 27 times
    6 since last reset
  • The average score is 28 of 56
Answer Stats
Type Year Name % Correct
TV Show 2017 Saturday Night Live
100%
Film 2024 The Brutalist
100%
Film 2014 The Theory of Everything
100%
Film 2025 Train Dreams
100%
Film 2016 A Monster Calls
75%
Film 2010 Cemetery Junction
75%
Film 2011 Chalet Girl
75%
Film 2009 Chéri
75%
TV Show 2008 Doctor Who
75%
Film 2016 Inferno
75%
TV Short 2018 Leading Lady Parts
75%
TV Film 2007 Northanger Abbey
75%
Film 2016 Rogue One: A Star Wars Story
75%
Film 2019 The Aeronauts
75%
Film 2014 The Amazing Spider-Man 2
75%
Film 2020 The Midnight Sky
75%
Film 2010 The Tempest
75%
Film 2013 Breathe In
50%
Film 2008 Brideshead Revisited
50%
Film 2016 Collide
50%
Film 2020 Dragon Rider
50%
TV Show 2014 Girls
50%
Film 2011 Hysteria
50%
Film 2011 Like Crazy
50%
Theater 2011 Luise Miller
50%
Film 2025 Oh. What. Fun.
50%
Film 2018 On the Basis of Sex
50%
TV Film 2011 Page Eight
50%
TV Film 2014 Salting the Battlefield
50%
TV Mini-Series 2003 Servants
50%
Theater 2007 That Face
50%
Theater 2008 The Chalk Garden
50%
Film 2013 The Invisible Woman
50%
Film 2021 The Last Letter from Your Lover
50%
Theater 2005-2006 The Snow Queen
50%
TV Film 1996 The Treasure Seekers
50%
TV Show 1998-1999 The Worst Witch
50%
Film 2015 True Story
50%
Film 2011 Albatross
25%
TV Show 2007 Cape Wrath
25%
TV Show 2021 CBeebies Bedtime Story
25%
Film 2012 Cheerful Weather for the Wedding
25%
Film 2023 Dead Shot
25%
Short Film 2013 Emily
25%
Radio Play 2004 Falco - The Silver Pigs
25%
Film 2008 Flashbacks of a Fool
25%
Short Film 2013 Haven't We Met Before?
25%
Short Film 2004 Hearing Things
25%
Radio Play 2003 Mansfield Park
25%
Film 2010 SoulBoy
25%
Web Series 2017 Star Wars Forces of Destiny
25%
Radio Series 1999-2010 The Archers
25%
TV Mini-Series 2009 The Diary of Anne Frank
25%
TV Show 2001-2002 Weirdsister College
25%
Documentary Series 2007 Arena
0%
Documentary 2017 Eric Clapton: Life in 12 Bars
0%
No matching quizzes found
Score Distribution
Percent of People with Each Score
Percentile by Number Answered
Your Score History
You have not taken this quiz since the last reset